Seis historias para ser contadas : (Registro nro. 3240)
[ vista simple ]
| 000 -LEADER | |
|---|---|
| fixed length control field | 01393nam a2200253Ia 4500 |
| 003 - CONTROL NUMBER IDENTIFIER | |
| control field | OSt |
| 005 - DATE AND TIME OF LATEST TRANSACTION | |
| control field | 20200918100601.0 |
| 008 - FIXED-LENGTH DATA ELEMENTS--GENERAL INFORMATION | |
| fixed length control field | 191128t2015 ck a gr 000 0 spa d |
| 020 ## - INTERNATIONAL STANDARD BOOK NUMBER | |
| International Standard Book Number | 9789588461656 |
| 040 ## - CATALOGING SOURCE | |
| Original cataloging agency | CO-JMCR |
| Transcribing agency | CO-JMCR |
| 041 0# - LANGUAGE CODE | |
| Language code of text/sound track or separate title | spa |
| 082 04 - DEWEY DECIMAL CLASSIFICATION NUMBER | |
| Classification number | 863.5 / |
| Item number | C392s |
| Edition number | 23 |
| 100 1# - MAIN ENTRY--PERSONAL NAME | |
| Personal name | Celis Serrano, Rodolfo, |
| Relator term | autor |
| 9 (RLIN) | 10461 |
| 245 10 - TITLE STATEMENT | |
| Title | Seis historias para ser contadas : |
| Remainder of title | antología de nuevos cronistas colombianos / |
| Statement of responsibility, etc. | Rodolfo Celis Serrano, Santiago Jiménez Quijano, Lizeth León [y otros 3] |
| 260 ## - PUBLICATION, DISTRIBUTION, ETC. | |
| Place of publication, distribution, etc. | Bogotá : |
| Name of publisher, distributor, etc. | Icono, |
| Date of publication, distribution, etc. | 2015 |
| 300 ## - PHYSICAL DESCRIPTION | |
| Extent | 110 páginas : |
| Other physical details | ilustraciones a blanco y negro ; |
| Dimensions | 23 cm. |
| 505 0# - FORMATTED CONTENTS NOTE | |
| Title | Al otro lado del río / |
| Statement of responsibility | Rodolfo Celis |
| Title | La nieve tropical / |
| Statement of responsibility | Santiago Jiménez |
| Title | Muerte fuera del ruedo / |
| Statement of responsibility | Lizeth León |
| Title | El ángel de las tinieblas / |
| Statement of responsibility | Nelson Martínez |
| Title | Esta maleta es mía / |
| Statement of responsibility | Raúl Piamonte |
| Title | El sueño de los justicieros / |
| Statement of responsibility | Edith Sánchez |
| 520 3# - SUMMARY, ETC. | |
| Summary, etc. | Lizeth León narra la historia de un toro enloquecido que recorre las calles del centro de Bogotá hasta embestir a un ciudadano dentro del ascensor de un edificio; Rodolfo Celis se pasea por las tumbas de Chimila para recordarnos las vidas. |
| 650 14 - SUBJECT ADDED ENTRY--TOPICAL TERM | |
| Topical term or geographic name entry element | Cuentos colombianos |
| Chronological subdivision | Siglo XXI |
| 9 (RLIN) | 10462 |
| 650 14 - SUBJECT ADDED ENTRY--TOPICAL TERM | |
| Topical term or geographic name entry element | Crónicas colombianas |
| Chronological subdivision | Siglo XXI |
| 9 (RLIN) | 10463 |
| 700 1# - ADDED ENTRY--PERSONAL NAME | |
| Personal name | Jiménez, Quijano, Santiago, |
| Relator term | autor |
| 9 (RLIN) | 10464 |
| 710 1# - ADDED ENTRY--CORPORATE NAME | |
| Corporate name or jurisdiction name as entry element | León, Lizeth, |
| Relator term | autora |
| 9 (RLIN) | 10465 |
| 942 ## - ADDED ENTRY ELEMENTS (KOHA) | |
| Source of classification or shelving scheme | Dewey Decimal Classification |
| Koha item type | Books |
| Withdrawn status | Lost status | Source of classification or shelving scheme | Damaged status | Not for loan | Collection code | Home library | Current library | Date acquired | Source of acquisition | Full call number | Barcode | Date last seen | Copy number | Koha item type |
|---|---|---|---|---|---|---|---|---|---|---|---|---|---|---|
| Dewey Decimal Classification | Non-fiction | Biblioteca Pública José María del Castillo y Rada | Biblioteca Pública José María del Castillo y Rada | 01/15/2018 | Donación | 863.5 / C392s | 201506972 | 05/16/2024 | Ej.1 | Books |